Easy brand logos - Statistics

General Stats
  • This quiz has been taken 133 times
  • The average score is 7 of 10
Answer Stats
Picture Answer % Correct
Nike
97%
Google
96%
Apple
95%
Ford
94%
Shell
91%
Firefox
86%
Mastercard
85%
Qantas
31%
Safeway
21%
King Soopers
6%
No matching quizzes found
Score Distribution
Percent of People with Each Score
Percentile by Number Answered
Your Score History
You have not taken this quiz